00903cam a2200265 a 450000100090000000300040000900500170001300800410003001000170007102000150008803500220010304000180012504200100014304300120015308200170016524501460018226001020032830000530043044000060048350000170048950400500050665000170055670000220057371000420059513667246OSt20230602155502.0040218m20039999ke ab bs f000 0 eng  a 2003408773 a9291461490 a(DLC) 2003408773 aDLCcDLCdDLC alcode af-ke---00a305.569bCBS00aGeographic dimensions of well-being in Kenya :bwhere are the poor? : from districts to locations /c[written by Godfrey Ndeng'e ... et al.]. a[Nairobi] :bCentral Bureau of Statistics, Ministry of Planning and National Development,cc2003- a77bill. (some col.), col. maps ;c25 x 35 cm. + v2 aCover title. aIncludes bibliographical references (p. 163). 0aPoorzKenya.1 aNdeng'e, Godfrey.1 aKenya.bCentral Bureau of Statistics.